Quizzes
Events
Quiz Creation
Community
Videos
Private Events
Remove Ads
Sign In
Join for FREE
Feedback
Dark Mode
Quiz Categories
Sports
Geography
Music
Movies
Television
Just For Fun
Miscellaneous
History
Literature
Language
Science
Gaming
Entertainment
Religion
Holiday
For Kids
Quiz Lab
Recent
Popular Today
Quiz Kudos Today
Editor Picks
Curator Picks
Quizzes by...
Day
Popularity
Type
Ratings
Length
Year
Community
Subscriptions
Recent Discussions
Orange Saloon
Badges
Playlists
Quests
Create
Leaderboards
Showdown
Live 5
Trivia Bingo
Activity
Puzzle Library
Sporcle Events
Private Events
Virtual Trivia
Globe League
Become a Host
Pub Owners
SporcleCon
Opinionation
Our Games
Videos
Blog
Mobile Apps
Partnerships
Remove Ads and Go Orange
Feedback
Television
TV Characters
TV Show
Sitcom
Network
Friends
Reality Shows
Cast
South Park
Star Trek
The Simpsons
Doctor Who
Television
TV Characters
TV Show
Sitcom
Network
Friends
Reality Shows
Cast
South Park
Star Trek
The Simpsons
Doctor Who
Random Quiz
Search Sporcle
×
Quiz Lab
Quiz Lab
Television
Friends
Type in answers that appear in a list
Type in answers that appear in a list
Classic
Best Score? Go Orange.
F.R.I.E.N.D.S Scattergories Stats
Can you name the FRIENDS, their lovers, occupations, families, episodes and guests?
By
peoplesm4
10m
30 Questions
14.1K Plays
14,087 Plays
14,087 Plays
Comments
Comments
Give Quiz Kudos
Give Quiz Kudos
-
- Ratings
hide this ad
More Info
Forced Order
Answers have to be entered in order
Answers have to be entered in order
Replay
Link that replays current quiz
Next Quiz
Link to next quiz in quiz playlist
You Got
0%
They Got
Avg Score
30%
Avg Friend Score
Upgrade to see
Score Distribution
Jump to the score distribution portion of the page
Score
0/30
Timer
10:00
0
Plays Today
% Correct
J
Joey Tribbiani
99.2%
R
Ross Geller, Rachel Green
75.3%
C
Chandler Bing
64.6%
M
Monica Geller
58.8%
P
Phoebe Buffay
55.4%
J
Janice, Julie...
54.8%
J
Judy, Jack (Bing), Jill...
51.9%
R
Russ, Richard, Ryan...
47.1%
C
Chef, Christmas Tree Salesman...
38.7%
P
Paolo, Pete, Paul...
36.4%
M
Mike, Mona, Melissa...
33.4%
C
Carol, Chloe, Charlie...
29.3%
R
Ross
27.9%
P
Paleontologist, Personal Shopper...
23.4%
M
Masseuse, Musician...
23.3%
% Correct
M
Mary Angela, Mary Therese...
22.9%
C
Charles, Chandler, Cookie...
20.1%
J
Jennifer Grey, Jon Favreau...
18%
R
Rebecca Romijn, Reese Witherspoon...
17.4%
C
Charlie Sheen, Christine Taylor...
17%
P
Phoebe Sr.
15.2%
J
(the) Jellyfish, (the) Jam...
12.9%
R
Ralph Lauren Executive, Retail...
12.7%
P
Paget Brewster, Paul Rudd...
11.5%
R
(the) Rumor, Rosita Dies, (the) Ring...
9.7%
C
(the) Candy Hearts, Christmas in Tulsa...
8.1%
M
Mac and C.H.E.E.S.E, Mrs. Bing, (in) Massapequa...
7.6%
P
(the) Pilot, Princess Consuela, (the) Prom Video...
6.3%
M
Melissa George, Morgan Fairchild...
5.3%
J
Junior Advertising Copywriter
3.9%
Quiz Playlist
Details
Report
Send in Message
Add To Playlist
More Info:
EPISODE TITLES DO NOT INCLUDE ONES WITH CHARACTER NAMES!
Classic:
Type in answers that appear in a list
Forced Order:
Answers have to be entered in order
Last Updated: Feb 16, 2017
Quiz Scoreboard
CHALLENGE
Sign Up to Join the Scoreboard
Show All
Scores
Hide
Comments
May contain spoilers
Recently Published
9x9 Crossword: Cartoon Network
by jackfrog10
Miscellaneous
3m
College Basketball Coaching Resumes
by pancakes188
Sports
9m
Billboard Blitz: Fleetwood Mac
by CooCooCachoo
Music
15s
More to Explore
Quiz From the Vault
Featured Blog Post
Where Did the Easter Bunny Come From?
hide this ad
You Might Also Like...
Tags
Friends Quiz
episode
Family
guest
Lover
occupation
Scattergories
Today's Top Quizzes in Television
Browse Television
hide this ad
Today's Top Quizzes in Friends
Browse Friends
Top Contributed Quizzes in Television
1
5-to-1: The Simpsons Families
2
5-to-1: Television Doctors
3
7-to-1: TV Show Settings
4
Adjectives in 00s TV Shows
5
Adjectives in 80s TV Shows
6
5-to-1: Streaming Originals
7
Adjectives in 10s TV Shows
8
Survivor Seasons
9
One Piece Logic Puzzle
10
All US Survivor Seasons in Order
Explore More
Trending Topics
Marvel
Harry Potter
Kpop
Disney
NBA
Anime
Crossword
Puzzle
NFL
Pokémon
The Office
WWE
Soccer
Country
Song
hide this ad
More By:
peoplesm4
Quiz
Plays
Rating
Category
Featured
Created
F.R.I.E.N.D.S Thanksgivings
5,256
4.10
Television
Nov 26, 2009
Hollywood's 10 Most Overpaid Stars
2,896
2.94
Movies
Nov 19, 2009
A Christmas Story
2,042
3.43
Movies
Nov 28, 2009
Busiest Metro Stops in D.C.
1,193
4.00
Miscellaneous
Nov 19, 2009
Tacky Tourists
1,092
2.59
Geography
Dec 20, 2009
Go to Creator's Profile
Score Distribution
Quiz Creator Spotlight
peoplesm4
Follow
Send a Message
Quizzes Created
-
Created Quiz Play Count
-
More By This Creator
Popular Quizzes Today
1
Find the US States - No Outlines Minefield
2
Find the Countries of Europe - No Outlines Minefield
3
The Countries of the World
4
Find the US States
5
Risky Map Clicking: Biggest States A-Z
6
US States
7
Popular People in 1961
8
Movies - When Are They Set?
More Television Quizzes
TV Shows by Nail Art II
Published
Trending Quizzes
Risky Map Clicking: Least Populous States A-Z
1-10 Letter G Words
1-10 Letter F Words
Risky Map Clicking: Next State Alphabetically
Adjectives in 80s TV Shows
Recently Updated
Leaping Animals
pecheneg
Reality TV Shows (A-Z)
bhenderson79
Rickey Henderson's Hall of Fame Teammates
pecheneg
Champions League XIs: Arsenal
pecheneg
Quick Pick: Celebrities in WWE's Hall of Fame
aduchscher
A-Z Keypad Blitz II
pecheneg
Multiple Oscar Actors
pecheneg
Mystery Phrase Blitz: Oscar 'Best Actors'
pecheneg
F. Scott Fitzgerald Novels
LTH
Pick 3 Villains
ddd62291
Trending Topics
Kpop
Disney
Harry Potter
Crossword
NBA
Marvel
Anime
The Office
Pokémon
Song
Puzzle
WWE
Country
Soccer
NFL
Your Account Isn't Verified!
In order to create a playlist on Sporcle, you need to verify the email address you used during registration. Go to your
Sporcle Settings
to finish the process.
Report this User
Report this user for behavior that violates our
Community Guidelines
.
Details:
Send Report
Go to the Sporcle.com Mobile Site →
Comments